| 000 | 00593nam a2200193 4500 | ||
|---|---|---|---|
| 999 |
_c171878 _d171878 |
||
| 005 | 20210831154936.0 | ||
| 010 | _aENG-127516 ENG-129806 | ||
| 020 |
_c250.00 _a9788187649915 |
||
| 035 | _aEN-111048 EN-113338 | ||
| 037 | _bDBAD/PUB | ||
| 082 | _a920 | ||
| 100 | _aFelton,Monica | ||
| 245 |
_aA Child Widows Story / _cby Monika Felton |
||
| 260 |
_aNew Delhi _bKatha _c2003 |
||
| 270 |
_aA-3 Sarvodaya Enclave Sri Aurobindo Marg _bNew Delhi _e110017 |
||
| 300 |
_a279p. _c20cm(pbk) |
||
| 500 | _aincludes bibliographical references | ||
| 942 |
_2ddc _cEN _h920 _mFEL |
||